How to Transcend from a Local Subsidiary into the Global Leadership Position of Your Industry: The Case of Whirlpool Slovakia

Tento príspevok popisuje prechod spoločnosti Whirlpool Slovakia od neštandardného výrobcu práčok v Československu a Poľsku do pozície, keď spoločnosť Whirlpool Slovakia nie je len jedným z popredných výrobcov bielych spotrebičov v globálnom hodnotovom reťazci spoločnosti Whirlpool, ale jedným z mode...

Descrizione completa

Salvato in:
Dettagli Bibliografici
Autore principale: Rubens, Arthur
Altri autori: Ferenčíková, Soňa, 1960-, Bardy, Roland
Natura: Capitolo di libro
Lingua:inglese
Soggetti:
Tags: Aggiungi Tag
Nessun Tag, puoi essere il primo ad aggiungerne!!

MARC

LEADER 00000naa a2200000 4500
001 0272049
005 20240502083828.8
041 0 |a eng 
044 |a GB 
245 1 0 |a How to Transcend from a Local Subsidiary into the Global Leadership Position of Your Industry: The Case of Whirlpool Slovakia  |c Arthur Rubens, Soňa Ferenčíková, Roland Bardy 
520 |a Tento príspevok popisuje prechod spoločnosti Whirlpool Slovakia od neštandardného výrobcu práčok v Československu a Poľsku do pozície, keď spoločnosť Whirlpool Slovakia nie je len jedným z popredných výrobcov bielych spotrebičov v globálnom hodnotovom reťazci spoločnosti Whirlpool, ale jedným z modelov efektívnosti výroby práčok s horným nakladačom. 
610 2 0 |a transformácia podniku 
610 2 0 |a krajiny tranzitívne 
610 2 0 |a manažment produktový 
610 2 0 |a kvalita 
610 2 0 |a Európa 
100 1 |a Rubens, Arthur 
700 1 |a Ferenčíková, Soňa, 1960- 
700 1 |a Bardy, Roland